000 00460nam a2200169Ia 4500
999 _c81
_d81
003 OSt
005 20210826104712.0
008 190216s9999||||xx |||||||||||||| ||und||
040 _coclc
082 _a892.7
_bAMI/Z
100 _aAmin, Ahmad
_98680
245 0 _aZahr Ul Islam /
_cAhmad Amin
260 _bMakthaba Al Hassnath Nampoor,
_c1962.
_aCairo:
300 _a335p
650 _aArabic
942 _cBK
_2ddc
_h892.7
_iAMI/Z
_k892.7
_mAMI/Z